Statystyki dla Wymień wszystkie waluty świata

Kliknij tutaj aby rozwiązać quiz!

Ogólne statystyki

  • Ten quiz został rozwiązany 346 razy
  • Średni wynik to 55 z 194

Statystyki odpowiedzi

KrajWaluta% Poprawnych
AustriaEuro
77%
AndoraEuro
77%
BelgiaEuro
75%
AustraliaDolar australijski
66%
GrecjaEuro
66%
HiszpaniaEuro
66%
HolandiaEuro
65%
FrancjaEuro
65%
FinlandiaEuro
63%
PolskaZłoty
63%
NiemcyEuro
62%
ŁotwaEuro
62%
IrlandiaEuro
62%
Stany ZjednoczoneDolar amerykański
61%
CzechyKorona czeska
61%
SłowacjaEuro
60%
LitwaEuro
60%
WłochyEuro
60%
LuksemburgEuro
60%
PortugaliaEuro
60%
EstoniaEuro
59%
CyprEuro
59%
SłoweniaEuro
59%
DaniaKorona duńska
59%
MonakoEuro
58%
JaponiaJen
58%
San MarinoEuro
56%
ChorwacjaKuna
56%
BiałoruśRubel białoruski
56%
KanadaDolar kanadyjski
55%
CzarnogóraEuro
55%
MaltaEuro
55%
RosjaRubel rosyjski
55%
WatykanEuro
54%
SzwecjaKorona szwedzka
54%
AlbaniaLek
54%
ArgentynaPeso argentyńskie
54%
SzwajcariaFrank szwajcarski
52%
UkrainaHrywna
51%
NorwegiaKorona norweska
51%
BułgariaLew
47%
Nowa ZelandiaDolar nowozelandzki
45%
WęgryForint
45%
MeksykPeso meksykańskie
45%
IslandiaKorona islandzka
44%
Wielka BrytaniaFunt szterling
41%
TurcjaLira turecka
41%
ChilePeso chilijskie
41%
IndieRupia indyjska
41%
AfganistanAfgani
40%
RumuniaLej rumuński
38%
KolumbiaPeso kolumbijskie
38%
BrazyliaReal brazylijski
38%
LiechtensteinFrank szwajcarski
37%
Korea PółnocnaWon północnokoreański
34%
Korea PołudniowaWon południowokoreański
34%
ChinyYuan / Renminbi
34%
MołdawiaLej mołdawski
33%
PanamaBalboa / Dolar amerykański
32%
SerbiaDinar serbski
32%
EkwadorDolar amerykański
32%
IndonezjaRupia indonezyjska
32%
Wyspy MarschallaDolar amerykański
31%
Timor WschodniDolar amerykański
31%
PalauDolar amerykański
31%
AlgieriaDinar algierski
29%
MikronezjaDolar amerykański
29%
SalwadorDolar amerykański / Bitcoin
29%
Macedonia PółnocnaDenar
28%
EgiptFunt egipski
28%
KubaPeso kubańskie
28%
UrugwajPeso urugwajskie
28%
WenezuelaBoliwar
27%
ZimbabweDolar amerykański
27%
BahamyDolar bahamski
27%
KiribatiDolar kiribati / Dolar australijski
27%
SingapurDolar singapurski
27%
NauruDolar australijski
26%
WietnamDong
26%
Bośnia i HercegowinaMarka zamienna
26%
Arabia SaudyjskaRial saudyjski
26%
PakistanRupia pakistańska
26%
FidżiDolar Fidżi
25%
JamajkaDolar jamajski
25%
FilipinyPeso filipińskie
25%
TajlandiaBat
24%
Antigua i BarbudaDolar wschodniokaraibski
24%
TuvaluDolar australijski
23%
BarbadosDolar barbadoski
23%
PeruSol
23%
GruzjaLari
22%
IranRial irański
22%
NepalRupia nepalska
22%
KuwejtDinar kuwejcki
21%
DominikanaPeso dominikańskie
21%
DominikaDolar wschodniokaraibski
20%
Saint LuciaDolar wschodniokaraibski
20%
ArmeniaDram
20%
Gwinea BissauFrank CFA
20%
AngolaKwanza
20%
KatarRial katarski
20%
KazachstanTenge
20%
IrakDinar iracki
19%
Zjednoczone Emiraty
Arabskie
Dirham
19%
Saint Vincent i GrenadynyDolar wschodniokaraibski
19%
Saint Kitts i NevisDolar wschodniokaraibski
19%
Burkina FasoFrank CFA
19%
CzadFrank CFA
19%
GabonFrank CFA
19%
Gwinea RównikowaFrank CFA
19%
JordaniaDinar jordański
18%
Republika
Środkowoafrykańska
Frank CFA
18%
SudanFunt sudański
18%
GwatemalaQuetzal
18%
Południowa AfrykaRand
18%
JemenRial jemeński
18%
OmanRial omański
18%
MalediwyRupia malediwska
18%
LibiaDinar libijski
17%
GrenadaDolar wschodniokaraibski
17%
BeninFrank CFA
17%
KamerunFrank CFA
17%
SenegalFrank CFA
17%
NigerFrank CFA
17%
Sudan PołudniowyFunt południowosudański
17%
AzerbejdżanManat azerbejdżański
17%
Sri LankaRupia lankijska
17%
BangladeszTaka
17%
TunezjaDinar tunezyjski
16%
MarokoDirham marokański
16%
GujanaDolar gujański
16%
TogoFrank CFA
16%
MaliFrank CFA
16%
MalezjaRinggit
16%
BoliwiaBoliviano
15%
KongoFrank CFA
15%
Wybrzeże Kości
Słoniowej
Frank CFA
15%
LibanFunt libański
15%
SyriaFunt syryjski
15%
Sierra LeoneLeone
15%
BhutanNgultrum / Rupia indyjska
15%
KirgistanSom
15%
MadagaskarAriary
14%
Wyspy Świętego
Tomasza i Książęca
Dobra
14%
LaosKip
14%
UzbekistanSum
14%
GhanaCedi
13%
BahrajnDinar bahrajski
13%
Trynidad i TobagoDolar Trynidadu i Tobago
13%
Wyspy SalomonaDolar Wysp Salomona
13%
Demokratyczna Republika
Konga
Frank kongijski
13%
HaitiGourde
13%
HondurasLempira
13%
MozambikMetical
13%
NigeriaNaira
13%
IzraelNowy izraelski szekel
13%
BotswanaPula
13%
SeszeleRupia seszelska
13%
KeniaSzyling kenijski
13%
SomaliaSzyling somalijski
13%
TanzaniaSzyling tanzański
13%
MongoliaTugrik
13%
VanuatuVatu
13%
EtiopiaBirr
12%
GambiaDalasi
12%
BelizeDolar belizeński
12%
BruneiDolar brunejski
12%
LiberiaDolar liberyjski
12%
SurinamDolar surinamski
12%
BurundiFrank burundyjski
12%
ParagwajGuarani
12%
ZambiaKwacha zambijska
12%
TadżykistanSomoni
12%
UgandaSzyling ugandyjski
12%
NamibiaDolar namibijski
11%
GwineaFrank gwinejski
11%
MjanmaKiat
11%
Papua-Nowa GwineaKina
11%
ErytreaNakfa
11%
TongaPa'anga / Paanga
11%
KambodżaRiel kambodżański
11%
SamoaTala
11%
KostarykaColon kostarykański
10%
MalawiKwacha
10%
EswatiniLilangeni
10%
LesothoLoti
10%
TurkmenistanManat turkmeński
10%
NikaraguaCordoba oro
9%
Republika Zielonego
Przylądka
Escudo Republiki Zielonego
Przylądka
9%
RwandaFrank rwandyjski
9%
MauretaniaUgija
8%
DżibutiFrank dżibutyjski
7%
KomoryFrank komoryjski
7%
MauritiusRupia maurytyjska
7%

Rozkład punktacji

Percentyl według liczby udzielonych odpowiedzi

Procent ludzi z każdym wynikiem

Twoja historia wyników

Nie rozwiązałeś tego quizu